[Event "Dublin Easter e2e4 op"]
[Site "Dublin"]
[Date "2013.04.01"]
[Round "8"]
[White "Loughran, John"]
[Black "Creighton, Terry"]
[Result "0-1"]
[WhiteElo "1888"]
[BlackElo "1756"]
[PlyCount "56"]
[EventDate "2013.03.28"]
[EventType "swiss"]
[EventRounds "9"]
[EventCountry "IRL"]
[SourceTitle "CBM 153 Extra"]
[Source "ChessBase"]
[SourceDate "2013.04.22"]
[SourceVersion "1"]
[SourceVersionDate "2013.04.22"]
[SourceQuality "1"]

1. d4 Nf6 2. c4 Nc6 3. d5 Ne5 4. e4 e6 5. Nc3 Bc5 6. Be2 0-0 7. Bg5 h6 8. Bh4 Ng6 9. Bg3 e5 10. Qd2 d6 11. h3 Bb4 12. Bd3 a6 13. 0-0-0 b5 14. cxb5 axb5 15. a3 Ba5 16. b4 Bb6 17. Kb2 Bd7 18. Nge2 Nh5 19. Rhf1 Qf6 20. Bxb5 Bxb5 21. Nxb5 Nhf4 22. Nxf4 exf4+ 23. Ka2 fxg3 24. fxg3 Qg5 25. Qc2 Qxg3 26. Rf3 Qe5 27. Rdf1 Qe7 28. Qc3 Qxe4 0-1

[Event "Dublin Easter e2e4 op"]
[Site "Dublin"]
[Date "2013.03.29"]
[Round "3"]
[White "Hayes, Peter J"]
[Black "Creighton, Terry"]
[Result "1-0"]
[WhiteElo "2020"]
[BlackElo "1756"]
[PlyCount "133"]
[EventDate "2013.03.28"]
[EventType "swiss"]
[EventRounds "9"]
[EventCountry "IRL"]
[SourceTitle "CBM 153 Extra"]
[Source "ChessBase"]
[SourceDate "2013.04.22"]
[SourceVersion "1"]
[SourceVersionDate "2013.04.22"]
[SourceQuality "1"]

1. d4 Nf6 2. c4 g6 3. Nc3 Bg7 4. e4 d6 5. Nf3 0-0 6. Be2 c5 7. 0-0 cxd4 8. Nxd4 Nc6 9. Be3 a6 10. Rc1 Bd7 11. f3 Nxd4 12. Bxd4 Bc6 13. b4 Rc8 14. Qd2 Nh5 15. Be3 e5 16. b5 Bd7 17. Nd5 Nf4 18. Rfd1 Nxd5 19. Qxd5 axb5 20. Qxd6 Be6 21. Qb4 Qh4 22. Qxb5 Bh6 23. Bf2 Qe7 24. Rb1 Rfd8 25. Qxe5 Bg7 26. Qb5 Rxd1+ 27. Rxd1 Qc7 28. Be3 h6 29. Rc1 Be5 30. Bxh6 Bxh2+ 31. Kh1 Bf4 32. Bxf4 Qxf4 33. Qb2 Qh6+ 34. Kg1 Qe3+ 35. Kf1 b5 36. c5 Rxc5 37. Rxc5 Qxc5 38. Bxb5 Bxa2 39. Qxa2 Qxb5+ 40. Qe2 Qb1+ 41. Kf2 Qc1 42. Qe3 Qh1 43. Qf4 Qa1 44. e5 Qa2+ 45. Kg3 Qe2 46. Qe4 Qa6 47. e6 Qxe6 48. Qxe6 fxe6 49. Kf4 Kg7 50. Ke5 Kf7 51. f4 g5 52. f5 exf5 53. Kxf5 g4 54. Kxg4 Kg6 55. g3 Kf7 56. Kh5 Kf8 57. Kh6 Kg8 58. Kg6 Kh8 59. Kf6 Kh7 60. g4 Kg8 61. Kg6 Kh8 62. Kf7 Kh7 63. g5 Kh8 64. Kg6 Kg8 65. Kh6 Kh8 66. g6 Kg8 67. g7 1-0

[Event "Dublin Easter e2e4 op"]
[Site "Dublin"]
[Date "2012.04.09"]
[Round "9"]
[White "Creighton, Terry"]
[Black "Masters, David J"]
[Result "1-0"]
[WhiteElo "1715"]
[BlackElo "2038"]
[PlyCount "73"]
[EventDate "2012.04.05"]
[EventType "swiss"]
[EventRounds "9"]
[EventCountry "IRL"]
[SourceTitle "CBM 147 Extra"]
[Source "ChessBase"]
[SourceDate "2012.04.24"]
[SourceVersion "1"]
[SourceVersionDate "2012.04.24"]
[SourceQuality "1"]

1. Nf3 Nf6 2. b3 g6 3. Bb2 Bg7 4. d3 d6 5. g3 0-0 6. Bg2 Nc6 7. 0-0 Bd7 8. Nbd2 Qc8 9. e4 Bh3 10. Ng5 Bxg2 11. Kxg2 e5 12. h3 h6 13. Ngf3 Qe6 14. Re1 Nd7 15. Nh4 Ne7 16. Qg4 f5 17. exf5 gxf5 18. Qc4 Nd5 19. Ndf3 N7b6 20. Qb5 Qf7 21. c4 Ne7 22. c5 a6 23. Qb4 Nc6 24. Qd2 Nd7 25. cxd6 cxd6 26. Rac1 Rac8 27. Ba3 Qf6 28. Bb2 Nc5 29. Rc4 b5 30. Rf4 Ne7 31. Nxe5 dxe5 32. Bxe5 Qc6+ 33. Kh2 Ne6 34. Bxg7 Kxg7 35. Qb2+ Kf7 36. Nxf5 Ke8 37. Rxe6 1-0

[Event "Dublin Easter e2e4 op"]
[Site "Dublin"]
[Date "2012.04.07"]
[Round "4"]
[White "Creighton, Terry"]
[Black "Morriss, Pete R"]
[Result "0-1"]
[WhiteElo "1715"]
[BlackElo "2006"]
[PlyCount "106"]
[EventDate "2012.04.05"]
[EventType "swiss"]
[EventRounds "9"]
[EventCountry "IRL"]
[SourceTitle "CBM 147 Extra"]
[Source "ChessBase"]
[SourceDate "2012.04.24"]
[SourceVersion "1"]
[SourceVersionDate "2012.04.24"]
[SourceQuality "1"]

1. Nf3 Nf6 2. b3 c5 3. Bb2 d6 4. g3 b5 5. Bg2 Bb7 6. 0-0 Nbd7 7. Nc3 a6 8. d4 e6 9. Re1 Be7 10. a3 0-0 11. e4 Rc8 12. d5 e5 13. Nh4 g6 14. Bc1 Ne8 15. Nf3 f5 16. exf5 Rxf5 17. Bh3 Rf8 18. Ne4 Ng7 19. Bh6 Nf6 20. c4 Nxe4 21. Rxe4 Rc7 22. Qe2 Bc8 23. Bxc8 Rxc8 24. Kg2 Rb8 25. b4 Qb6 26. bxc5 Qxc5 27. Be3 Qc7 28. c5 dxc5 29. Nxe5 Bd6 30. Nc6 Rbe8 31. Bh6 Rxe4 32. Qxe4 Re8 33. Qf3 Nf5 34. Be3 Rf8 35. Qe4 Qf7 36. Ne5 Bxe5 37. Qxe5 Re8 38. Qf4 Qxd5+ 39. Kg1 Nxe3 40. fxe3 Qe5 41. Qxe5 Rxe5 42. Kf2 c4 43. Kf3 Kf7 44. e4 Ke6 45. Rd1 Rc5 46. Ke3 a5 47. Rb1 Ke5 48. Rf1 b4 49. a4 c3 50. Kd3 b3 51. Rb1 c2 52. Rc1 b2 53. Rxc2 b1Q 0-1

[Event "Gonzaga Masters"]
[Site "Dublin"]
[Date "2012.01.28"]
[Round "3"]
[White "Fitzsimons, Pat"]
[Black "Creighton, Terry"]
[Result "0-1"]
[WhiteElo "1775"]
[BlackElo "1720"]
[PlyCount "76"]
[EventDate "2012.01.27"]
[EventType "swiss"]
[EventRounds "5"]
[EventCountry "IRL"]
[SourceTitle "EXT 2023"]
[Source "ChessBase"]
[SourceDate "2022.10.05"]
[SourceVersion "1"]
[SourceVersionDate "2022.10.05"]
[SourceQuality "1"]

1. d4 g6 2. e4 Bg7 3. Nf3 c5 4. d5 d6 5. Nc3 a6 6. a4 Nf6 7. Bg5 Qa5 8. Nd2 Nbd7 9. Be2 Ne5 10. 0-0 Qb6 11. Rb1 Qb4 12. Bxf6 Bxf6 13. f4 Nd7 14. Nc4 b5 15. axb5 axb5 16. Nd2 c4 17. Rf3 Qc5+ 18. Kh1 b4 19. e5 dxe5 20. Nce4 Qxd5 21. Bxc4 Qb7 22. Nxf6+ Nxf6 23. Rd3 0-0 24. fxe5 Ng4 25. Qe2 Bf5 26. Rf3 Qc7 27. Re1 Kg7 28. h3 Nh6 29. Nf1 Rac8 30. Ne3 Be4 31. Rff1 e6 32. b3 Ba8 33. Ng4 Nf5 34. Qf2 Qc5 35. Ne3 Qxe5 36. Nxf5+ Qxf5 37. Qd4+ e5 38. Rxe5 Qxh3+ 0-1